|
|
|
|
| LEADER |
00000nam0a2200000 4500 |
| 001 |
295530 |
| 005 |
20231102000822.0 |
| 020 |
|
|
|a RU
|b 84-32193
|
| 035 |
|
|
|a (RuTPU)RU\TPU\book\320618
|
| 090 |
|
|
|a 295530
|
| 100 |
|
|
|a 20150523d1984 km y0rusy5003 ca
|
| 101 |
0 |
|
|a rus
|
| 102 |
|
|
|a UZ
|
| 105 |
|
|
|a ab z 001zy
|
| 200 |
1 |
|
|a Моделирование инженерно-геологических процессов
|f Ф. Б. Абуталиев, И. А. Петрухина, Р. А. Садыков
|g Институт гидрогеологии и инженерной геологии (Гидроингео)
|
| 210 |
|
|
|a Ташкент
|c Фан
|d 1984
|
| 215 |
|
|
|a 137 с.
|c ил.
|
| 320 |
|
|
|a Библиогр.: с. 128-136
|
| 606 |
1 |
|
|a Инженерная геология
|2 stltpush
|3 (RuTPU)RU\TPU\subj\12572
|9 39335
|
| 610 |
1 |
|
|a математические методы
|
| 610 |
1 |
|
|a математические модели
|
| 610 |
1 |
|
|a массивы горных пород
|
| 610 |
1 |
|
|a напряженное состояние
|
| 610 |
1 |
|
|a гравитационная нагрузка
|
| 610 |
1 |
|
|a фильтрационная нагрузка
|
| 610 |
1 |
|
|a сейсмические нагрузки
|
| 610 |
1 |
|
|a метод конечных элементов
|
| 610 |
1 |
|
|a упруго-пластические модели
|
| 610 |
1 |
|
|a противооползневая профилактика
|
| 675 |
|
|
|a 624.131.1
|z rus
|v 3
|
| 700 |
|
1 |
|a Абуталиев
|b Ф. Б.
|g Фарадей Басырович
|4 070
|
| 701 |
|
1 |
|a Петрухина
|b И. А.
|g Имма Александровна
|
| 701 |
|
1 |
|a Садыков
|b Р. А.
|g Равиль Абдуганиевич
|
| 712 |
0 |
2 |
|a Институт гидрогеологии и инженерной геологии (Гидроингео)
|c (Ташкент)
|2 stltpush
|3 (RuTPU)RU\TPU\col\17073
|
| 801 |
|
0 |
|a RU
|b RuMRKP
|c 19950704
|g psbo
|
| 801 |
|
1 |
|a RU
|b 63413507
|c 20150523
|
| 801 |
|
2 |
|a RU
|b 63413507
|c 20181107
|g RCR
|
| 942 |
|
|
|c BK
|